000 00636nam a2200217 4500
001 120471
003 ES-MaACL
005 20230906191547.0
007 t|
008 070214s1958 sp r ||||1| spa d
100 1 _aPitigrilli.
_992411
245 1 0 _aMoisés y el señor Lavi
_b: novela /
_cPitigrilli [seud. de Dino Segre] ; traducción del italiano por Santos Alazraqui.
250 _a1ª ed.
260 _aBarcelona :
_bPlaneta,
_c1958.
300 _a261 p. ;
_c19 cm.
490 1 _aLuyve
700 1 _aAlazraqui, Santos.
_919182
830 0 _aLuyve
_9181395
852 _aES-MaACL
_jC-15110
_bR.42529
999 _c120471
_d120471